<?xml version="1.0" encoding="UTF-8"?>
<record
    xmlns:xsi="http://www.w3.org/2001/XMLSchema-instance"
    xsi:schemaLocation="http://www.loc.gov/MARC21/slim http://www.loc.gov/standards/marcxml/schema/MARC21slim.xsd"
    xmlns="http://www.loc.gov/MARC21/slim">

  <leader>01192nam a22001937a 4500</leader>
  <controlfield tag="003">OSt</controlfield>
  <controlfield tag="005">20260410104321.0</controlfield>
  <controlfield tag="008">260410b        |||||||| |||| 00| 0 eng d</controlfield>
  <datafield tag="082" ind1=" " ind2=" ">
    <subfield code="2">9780399154232</subfield>
    <subfield code="a">9780399154232</subfield>
    <subfield code="b">9780399154232</subfield>
  </datafield>
  <datafield tag="100" ind1=" " ind2=" ">
    <subfield code="a"> Robin Cook</subfield>
  </datafield>
  <datafield tag="245" ind1=" " ind2=" ">
    <subfield code="a">Critical </subfield>
  </datafield>
  <datafield tag="250" ind1=" " ind2=" ">
    <subfield code="a">1edicion</subfield>
  </datafield>
  <datafield tag="260" ind1=" " ind2=" ">
    <subfield code="a">Nueva York</subfield>
    <subfield code="b">G.P. Putnam's Sons</subfield>
    <subfield code="c"> 2007</subfield>
  </datafield>
  <datafield tag="300" ind1=" " ind2=" ">
    <subfield code="a">464 p&#xE1;g</subfield>
    <subfield code="c">16x23</subfield>
  </datafield>
  <datafield tag="490" ind1=" " ind2=" ">
    <subfield code="3">Cart&#xF3;n prensado r&#xED;gido</subfield>
  </datafield>
  <datafield tag="520" ind1=" " ind2=" ">
    <subfield code="a">La doctora Laurie Montgomery investiga una serie de muertes extra&#xF1;as por infecciones de estafilococo.
Los fallecimientos ocurren en hospitales privados pertenecientes a una misma corporaci&#xF3;n m&#xE9;dica.
A medida que Laurie profundiza, descubre una conspiraci&#xF3;n que prioriza las ganancias sobre la vida.
Su esposo, el pat&#xF3;logo Jack Stapleton, tambi&#xE9;n se ve involucrado mientras lidia con problemas personales.
La trama expone el peligro de las bacterias resistentes a los antibi&#xF3;ticos en entornos cl&#xED;nicos.
Intereses financieros intentan ocultar el brote para no da&#xF1;ar sus acciones en la bolsa.
La investigaci&#xF3;n se convierte en una carrera contra el tiempo antes de que Laurie sea silenciada.</subfield>
  </datafield>
  <datafield tag="700" ind1=" " ind2=" ">
    <subfield code="a"> Robin Cook</subfield>
  </datafield>
  <datafield tag="942" ind1=" " ind2=" ">
    <subfield code="2">ddc</subfield>
    <subfield code="c">BK</subfield>
    <subfield code="n">0</subfield>
  </datafield>
  <datafield tag="952" ind1=" " ind2=" ">
    <subfield code="0">0</subfield>
    <subfield code="1">0</subfield>
    <subfield code="2">ddc</subfield>
    <subfield code="4">0</subfield>
    <subfield code="7">0</subfield>
    <subfield code="8">F02</subfield>
    <subfield code="a">ISUS</subfield>
    <subfield code="b">ISUS</subfield>
    <subfield code="c">Biblioteca Abierta</subfield>
    <subfield code="d">2026-04-10</subfield>
    <subfield code="e">LECTURA</subfield>
    <subfield code="f">0486</subfield>
    <subfield code="i">0486</subfield>
    <subfield code="l">0</subfield>
    <subfield code="o">LECTURA</subfield>
    <subfield code="p">BIBLIO0486</subfield>
    <subfield code="r">2026-04-10 10:45:33</subfield>
    <subfield code="t">1</subfield>
    <subfield code="w">2026-04-10</subfield>
    <subfield code="y">BK</subfield>
  </datafield>
  <datafield tag="999" ind1=" " ind2=" ">
    <subfield code="c">2062</subfield>
    <subfield code="d">2062</subfield>
  </datafield>
</record>
